Huế và triều Nguyễn theo dấu thời gian
Sách nghiên cứu về cố đô Huế và triều đại quân chủ cuối cùng tại Việt Nam - Triều Nguyễn
Na minha lista:
| Autor principal: | |
|---|---|
| Formato: | Livro |
| Idioma: | Vietnamese |
| Publicado em: |
Tp. Hồ Chí Minh
Tổng hợp
2024
|
| Assuntos: | |
| Tags: |
Adicionar Tag
Sem tags, seja o primeiro a adicionar uma tag!
|
| Thư viện lưu trữ: | Thư viện Trường Đại học Nam Cần Thơ |
|---|
| LEADER | 00933nam a22001937a 4500 | ||
|---|---|---|---|
| 001 | NCT_4_018707 | ||
| 008 | 250512b xxu||||| |||| 00| 0 vie d | ||
| 999 | |c 8904 |d 8904 | ||
| 020 | |a 9786044837437 |c 165000 | ||
| 082 | 0 | 4 | |2 23rd ed. |a 959.7029 |b Đ305 |
| 100 | 1 | |a Đỗ Minh Điền | |
| 245 | 1 | 0 | |a Huế và triều Nguyễn theo dấu thời gian |c Đỗ Minh Điền |
| 260 | |a Tp. Hồ Chí Minh |b Tổng hợp |c 2024 | ||
| 300 | |a 294 tr. |b Minh họa |c 23cm | ||
| 520 | 3 | |a Sách nghiên cứu về cố đô Huế và triều đại quân chủ cuối cùng tại Việt Nam - Triều Nguyễn | |
| 653 | |a Quản trị DV Du lịch & Lữ hành | ||
| 942 | |2 ddc |c BK | ||
| 952 | |0 0 |1 0 |2 ddc |4 0 |6 959_702900000000000_Đ305 |7 0 |9 30587 |a 000001 |b 000001 |d 2025-05-12 |o 959.7029 Đ305 |p MD.23707 |r 2025-05-12 |v 165000.00 |w 2025-05-12 |y BK | ||
| 980 | |a Thư viện Trường Đại học Nam Cần Thơ | ||


